000 00960nam a22003017a 4500
003 CHAP
005 20220817042938.0
008 971013s1995 r 00010 d
010 _a60760
011 _a61732
035 _a65900
040 _cCHAP
100 0 0 _aDiego Pérez, Nelly.
_932515
245 _aFamilia Cyperaceae
_b: taxonomía florística y etnobotánica
260 _c1995
490 _aEtnoflora yucatanense
_v; 11
590 _aBATCH-UPD
_b10
_c20130110
_lUCH01
_h0749
590 _aBATCH-UPD
_b10
_c20130110
_lUCH01
_h2353
590 _aBATCH-UPD
_b10
_c20130410
_lUCH01
_h0429
590 _aBATCH-UPD
_b10
_c20130914
_lUCH01
_h2058
590 _aCONVERSION
_b10
_c20130109
_lUCH01
_h1333
710 0 _aUniversidad Autónoma de Yucatán.
830 0 _aEtnoflora yucatanense
_v; 11
_938650
852 2 _yISSUE
_d2012-12-17
_503
901 _aBK
942 _cISSUE
949 _bBC
_cPS
_d-150520
_ePS
_i65900
_si
999 _c60760
_d60760